Quizzes
Events
Quiz Creation
Community
Videos
Private Events
Remove Ads
Sign In
Join for FREE
Feedback
Dark Mode
Quiz Categories
Sports
Geography
Music
Movies
Television
Just For Fun
Miscellaneous
History
Literature
Language
Science
Gaming
Entertainment
Religion
Holiday
For Kids
Quiz Lab
Recent
Popular Today
Quiz Kudos Today
Editor Picks
Curator Picks
Quizzes by...
Day
Popularity
Type
Ratings
Length
Year
Community
Subscriptions
Recent Discussions
Orange Saloon
Badges
Playlists
Quests
Create
Leaderboards
Showdown
Live 5
Trivia Bingo
Activity
Puzzle Library
Sporcle Events
Private Events
Virtual Trivia
Globe League
Become a Host
Pub Owners
SporcleCon
Opinionation
Our Games
Videos
Blog
Mobile Apps
Partnerships
Remove Ads and Go Orange
Feedback
Gaming
Video Games
Board Games
Card Games
Pokémon
Mario
Nintendo
Minecraft
Console
Toys
Legend of Zelda
Gaming
Video Games
Board Games
Card Games
Pokémon
Mario
Nintendo
Minecraft
Console
Toys
Legend of Zelda
Random Quiz
Search Sporcle
×
Quiz Lab
Quiz Lab
Gaming
Nintendo
Type in answers that appear in a list
Type in answers that appear in a list
Classic
Best Score? Go Orange.
Name All of the Kalos Region Pokémon Stats
Can you name all of the Pokémon in the Kalos Region?
By
jasonpunke
8m
72 Questions
3,574 Plays
3,574 Plays
3,574 Plays
Comments
Comments
Give Quiz Kudos
Give Quiz Kudos
-
- Ratings
hide this ad
More Info
Replay
Link that replays current quiz
Next Quiz
Link to next quiz in quiz playlist
You Got
0%
They Got
Avg Score
79%
Avg Friend Score
Upgrade to see
Score Distribution
Jump to the score distribution portion of the page
Score
0/72
Timer
08:00
1
Play Today
Region/Dex#/Type
Pokémon
% Correct
Kalos -
#0650 -
Grass
Chespin
97.6%
Kalos -
#0658 -
Water/
Dark
Greninja
95.3%
Kalos -
#0656 -
Water
Froakie
94.7%
Kalos -
#0653 -
Fire
Fennekin
92.7%
Kalos -
#0655 -
Fire/
Psychic
Delphox
92.6%
Kalos -
#0652 -
Grass/
Fighting
Chesnaught
92.2%
Kalos -
#0657 -
Water
Frogadier
91.8%
Kalos -
#0663 -
Fire/
Flying
Talonflame
90.6%
Kalos -
#0654 -
Fire
Braixen
90.2%
Kalos -
#0661 -
Normal/
Flying
Fletchling
88.7%
Kalos -
#0651 -
Grass
Quilladin
87.5%
Kalos -
#0662 -
Fire/
Flying
Fletchinder
87.3%
Kalos -
#0659 -
Normal
Bunnelby
86.1%
Kalos -
#0716 -
Fairy
Xerneas
85.7%
Kalos -
#0660 -
Normal/
Ground
Diggersby
84.6%
Kalos -
#0718 -
Dragon/
Ground
Zygarde
84.4%
Kalos -
#0717 -
Dark/
Flying
Yveltal
84.3%
Kalos -
#0701 -
Fighting/
Flying
Hawlucha
83.1%
Kalos -
#0706 -
Dragon
Goodra
82.9%
Kalos -
#0668 -
Fire/
Normal
Pyroar
82.2%
Kalos -
#0704 -
Dragon
Goomy
81.9%
Kalos -
#0667 -
Fire/
Normal
Litleo
81.5%
Kalos -
#0674 -
Fighting
Pancham
81.2%
Kalos -
#0664 -
Bug
Scatterbug
81%
Kalos -
#0721 -
Fire/
Water
Volcanion
81%
Kalos -
#0666 -
Bug/
Flying
Vivillon
80.6%
Kalos -
#0665 -
Bug
Spewpa
80.3%
Kalos -
#0715 -
Flying/
Dragon
Noivern
80%
Kalos -
#0714 -
Flying/
Dragon
Noibat
79.9%
Kalos -
#0675 -
Fighting/
Dark
Pangoro
79.8%
Kalos -
#0702 -
Electric/
Fairy
Dedenne
79.7%
Kalos -
#0700 -
Fairy
Sylveon
79.4%
Kalos -
#0719 -
Rock/
Fairy
Diancie
79.3%
Kalos -
#0669 -
Fairy
Flabebe
79.3%
Kalos -
#0720 -
Psychic/
Ghost|
Dark
Hoopa (Confined/Unbound)
79.2%
Kalos -
#0671 -
Fairy
Florges
79%
Region/Dex#/Type
Pokémon
% Correct
Kalos -
#0696 -
Rock/
Dragon
Tyrunt
78.7%
Kalos -
#0680 -
Steel/
Ghost
Doublade
78.6%
Kalos -
#0705 -
Dragon
Sliggoo
78%
Kalos -
#0681 -
Steel/
Ghost
Aegislash
77.9%
Kalos -
#0670 -
Fairy
Floette
77.8%
Kalos -
#0697 -
Rock/
Dragon
Tyrantrum
77.7%
Kalos -
#0710 -
Ghost/
Grass
Pumpkaboo
77.6%
Kalos -
#0679 -
Steel/
Ghost
Honedge
77.2%
Kalos -
#0694 -
Electric/
Normal
Helioptile
76.9%
Kalos -
#0695 -
Electric/
Normal
Heliolisk
76.8%
Kalos -
#0709 -
Ghost/
Grass
Trevenant
76.5%
Kalos -
#0691 -
Poison/
Dragon
Dragalge
76.3%
Kalos -
#0708 -
Ghost/
Grass
Phantump
75.8%
Kalos -
#0713 -
Ice
Avalugg
75.4%
Kalos -
#0690 -
Poison/
Water
Skrelp
75.4%
Kalos -
#0678 -
Psychic
Meowstic
75.1%
Kalos -
#0673 -
Grass
Gogoat
74.9%
Kalos -
#0687 -
Dark/
Psychic
Malamar
74.7%
Kalos -
#0686 -
Dark/
Psychic
Inkay
74.6%
Kalos -
#0703 -
Rock/
Fairy
Carbink
74.3%
Kalos -
#0707 -
Steel/
Fairy
Klefki
74%
Kalos -
#0677 -
Psychic
Espurr
73.7%
Kalos -
#0685 -
Fairy
Slurpuff
73.4%
Kalos -
#0711 -
Ghost/
Grass
Gourgeist
73.3%
Kalos -
#0699 -
Rock/
Ice
Aurorus
73%
Kalos -
#0682 -
Fairy
Spritzee
72.9%
Kalos -
#0712 -
Ice
Bergmite
72.4%
Kalos -
#0672 -
Grass
Skiddo
72.3%
Kalos -
#0683 -
Fairy
Aromatisse
72.3%
Kalos -
#0698 -
Rock/
Ice
Amaura
72.3%
Kalos -
#0684 -
Fairy
Swirlix
70.7%
Kalos -
#0689 -
Rock/
Water
Barbaracle
68.5%
Kalos -
#0693 -
Water
Clawitzer
68.4%
Kalos -
#0688 -
Rock/
Water
Binacle
68%
Kalos -
#0692 -
Water
Clauncher
67.4%
Kalos -
#0676 -
Normal
Furfrou
66.4%
Quiz Playlist
Details
Report
Send in Message
Add To Playlist
More Info:
Thumbnail Credit https://bulbapedia.bulbagarden.net/wiki/Main_Page
Classic:
Type in answers that appear in a list
Last Updated: Feb 29, 2024
Quiz Scoreboard
CHALLENGE
Sign Up to Join the Scoreboard
Show All
Scores
Hide
Comments
May contain spoilers
Recently Published
Popular People in 1961
by mucciniale
History
6m
1-10 Letter E Words III
by El_Dandy
Language
2m
One Thing in Common: World Cities II
by knightlancer
Geography
7m
More to Explore
Quiz From the Vault
Featured Blog Post
Where Did the Easter Bunny Come From?
hide this ad
You Might Also Like...
Tags
Nintendo Quiz
Pokémon Quiz
Video Games Quiz
region
Today's Top Quizzes in Gaming
Browse Gaming
hide this ad
Today's Top Quizzes in Nintendo
Browse Nintendo
Top Contributed Quizzes in Gaming
1
Destiny 2 exotic weapons by perk icons
2
Who's on the WWE 2K24 Cover?
3
Windmill: Pokémon
4
Overwatch 2 Heroes by Selection Quote
5
Genshin murder mystery
6
Overwatch 2: Ultimate Ability Icons
7
Franchise by Action Figure
8
Legendary or Exotic?
9
Genshin Impact Logic Puzzle
10
Genshin Impact Logic Puzzle Quiz
Explore More
Trending Topics
Disney
Anime
NBA
Kpop
Crossword
Marvel
Harry Potter
Soccer
WWE
Puzzle
Country
Song
NFL
The Office
Pokémon
hide this ad
More By:
jasonpunke
Quiz
Plays
Rating
Category
Featured
Created
Name All of the Alola Region Pokémon
9,040
5.00
Gaming
Jul 1, 2016
Name All of the Kanto Region Pokémon
7,071
5.00
Gaming
May 19, 2016
Name All of the Bug Type Pokémon
6,929
4.50
Gaming
Jun 1, 2015
Name All of the Unova Region Pokémon
5,691
5.00
Gaming
Jun 18, 2016
Name All of the Mega Evolutions (Pokémon)
5,103
4.89
Gaming
Jul 10, 2014
Go to Creator's Profile
Score Distribution
Quiz Creator Spotlight
jasonpunke
Follow
Send a Message
Quizzes Created
-
Created Quiz Play Count
-
More By This Creator
Popular Quizzes Today
1
Find the US States - No Outlines Minefield
2
Find the Countries of Europe - No Outlines Minefield
3
The Countries of the World
4
Popular People in 1961
5
1-10 Letter E Words III
6
Find the US States
7
One Thing in Common: World Cities II
8
US States
More Gaming Quizzes
Guess The Genshin Character: Chest
Quiz Lab
Trending Quizzes
Risky Map Clicking: Least Populous States A-Z
1-10 Letter F Words
1-10 Letter G Words
One Thing in Common: United Kingdom
Risky Map Clicking: Biggest States A-Z
Recently Updated
Leaping Animals
pecheneg
Reality TV Shows (A-Z)
bhenderson79
Rickey Henderson's Hall of Fame Teammates
pecheneg
Champions League XIs: Arsenal
pecheneg
Quick Pick: Celebrities in WWE's Hall of Fame
aduchscher
A-Z Keypad Blitz II
pecheneg
Multiple Oscar Actors
pecheneg
Mystery Phrase Blitz: Oscar 'Best Actors'
pecheneg
F. Scott Fitzgerald Novels
LTH
Pick 3 Villains
ddd62291
Trending Topics
Marvel
Harry Potter
Disney
NBA
Kpop
Crossword
Anime
Song
Pokémon
Country
NFL
WWE
Soccer
The Office
Puzzle
Your Account Isn't Verified!
In order to create a playlist on Sporcle, you need to verify the email address you used during registration. Go to your
Sporcle Settings
to finish the process.
Report this User
Report this user for behavior that violates our
Community Guidelines
.
Details:
Send Report
Go to the Sporcle.com Mobile Site →
Comments